000 00701nam a22002297a 4500
005 20250908111352.0
008 250908b |||||||| |||| 00| 0 eng d
020 _a978-93-5602-973-6 (pbk)
037 _cTB
040 _aCRL
_cCRL
041 _2SIN
_aSIN
084 _aO1593,1NBAx R2
_bCRL
100 _aBabani, Bhagwan
_9820155
245 _aPanhinja pachha
260 _aBhopal, India:
_bSindhi Sahitya academy,
_c2022.
300 _a77+79p.
365 _b300.00
_cINR
650 _aSindhi Literature
_9820156
650 _aSindhi Poetry
_9820157
942 _2CC
_cTB
_hO1593,1NBAx R2
_n0
999 _c1435203
_d1435203